[Event "Challenge"]
[Site "http://www.queenalice.com/game.php?id=1307078"]
[Date "2014.9.9"]
[Round "-"]
[White "Rogerio11"]
[Black "ganatoro"]
[Result "0-1"]
[WhiteElo "1162"]
[BlackElo "1518"]

1. e4 e5 2. Bc4 Nc6 3. Qf3 f6 4. Nc3 Nd4 5. Qg3 Nxc2+ 6. Kd1 Nxa1 7. Nd5 c6 8.
Ne3 Bc5 9. Nf5 Nh6 10. Qxg7 Rg8 11. Qxh7 Bf8 12. Nxh6 Rg7 13. Qf5 Rg5 14. Qh7
Qe7 15. Bf7+ Kd8 16. Nf3 Rxg2 17. Nf5 Qc5 18. Rf1 Rxf2 19. Ne3 Rxf1+ 20. Nxf1
Qc2+ 21. Ke2 Bc5 22. Qg8+ Kc7 23. Qg7 Qxc1 24. Qxf6 Qxb2 25. Nxe5 d6 26. Qe7+
Kb6 27. Nc4+ Kb5 28. Nxd6+ Bxd6 29. Qxd6 Bg4+ 30. Ke3 Nc2+ 0-1

[Event "Challenge"]
[Site "http://www.queenalice.com/game.php?id=1309529"]
[Date "2014.9.21"]
[Round "-"]
[White "Rogerio11"]
[Black "ganatoro"]
[Result "0-1"]
[WhiteElo "1160"]
[BlackElo "1520"]

1. e4 e5 2. Bc4 Nf6 3. g4 d6 4. g5 Nxe4 5. d3 Nxg5 6. Nf3 Nxf3+ 7. Qxf3 f6 8.
Nc3 Nc6 9. Nd5 Nd4 10. Qh5+ g6 11. Qh4 Nxc2+ 12. Kd1 Nxa1 13. Qxf6 Qxf6 14. Bb5+
c6 15. Ba4 Qd8 16. Nc3 Bg4+ 17. Kd2 Bh6+ 18. Ke1 Bxc1 19. Bd1 Bxb2 20. Ne4 Bxd1
0-1

[Event "Challenge"]
[Site "http://www.queenalice.com/game.php?id=1318688"]
[Date "2014.10.28"]
[Round "-"]
[White "gobblemate"]
[Black "ganatoro"]
[Result "0-1"]
[WhiteElo "1534"]
[BlackElo "1554"]

1. d4 e6 2. c4 Nf6 3. Nc3 Bb4 4. a3 Bxc3+ 5. bxc3 Ne4 6. Qc2 f5 7. Nf3 Nc6 8. e3
d5 9. g3 dxc4 10. Bxc4 Na5 11. Bd3 O-O 12. O-O c6 13. Rb1 b5 14. Ne5 Ba6 0-1

[Event "Challenge"]
[Site "http://www.queenalice.com/game.php?id=1318689"]
[Date "2014.10.28"]
[Round "-"]
[White "ganatoro"]
[Black "gobblemate"]
[Result "1-0"]
[WhiteElo "1537"]
[BlackElo "1551"]

1. e3 d5 2. Qf3 e5 3. e4 Nf6 4. exd5 Qxd5 5. Qxd5 Nxd5 6. Bb5+ Bd7 7. Bxd7+ Nxd7
8. d3 O-O-O 9. Bg5 f6 10. Be3 Bc5 11. Bxc5 Nxc5 12. Nf3 e4 13. dxe4 Nxe4 14.
Nbd2 1-0

[Event "Challenge"]
[Site "http://www.queenalice.com/game.php?id=1325840"]
[Date "2014.12.3"]
[Round "-"]
[White "arlesiana"]
[Black "ganatoro"]
[Result "1-0"]
[WhiteElo "1319"]
[BlackElo "1569"]

1. e3 e6 2. d4 Nf6 3. b3 Bb4+ 4. Bd2 Bxd2+ 5. Nxd2 Nc6 6. Ngf3 e5 7. h4 exd4 8.
exd4 d6 9. Qe2+ Qe7 10. O-O-O Bg4 11. d5 Nxd5 12. Qc4 Na5 13. Qxd5 Nc6 14. Qb5
a6 15. Qxb7 Qd8 16. Qxc6+ Kf8 17. Qd5 Be6 18. Qd3 c5 19. Ng5 h6 20. Nge4 d5 21.
Ng3 Bg4 22. f3 Be6 23. Qc3 d4 24. Qd3 a5 25. a4 g6 26. Nc4 Qc7 27. Ne4 Bf5 28.
g4 Be6 29. Re1 Qf4+ 30. Ncd2 Rc8 31. Qa6 f5 32. Qxe6 Re8 33. Qf6+ Kg8 34. Qxg6+
Kf8 35. Bb5 Rd8 36. Qf6+ Kg8 37. Qxd8+ Kg7 38. Qe7+ Kg6 39. h5# 1-0

[Event "Let's Play Chess!"]
[Site "http://www.queenalice.com/game.php?id=1329594"]
[Date "2014.12.21"]
[Round "-"]
[White "bluemoon2"]
[Black "ganatoro"]
[Result "1-0"]
[WhiteElo "1956"]
[BlackElo "1541"]

1. e4 e5 2. d4 Qf6 3. d5 Bc5 4. Nf3 Nh6 5. h3 d6 6. Bd3 Bb4+ 7. c3 Bc5 8. O-O b6
9. Nbd2 Qg6 10. Kh1 Qh5 11. Be2 Bg4 12. Kg1 Bxf3 13. Bxf3 Qg6 14. b4 Na6 15.
bxc5 Nxc5 16. Ba3 O-O 17. Bxc5 bxc5 18. Nc4 f5 19. Qe2 a5 20. Na3 Rab8 21. c4
Rb4 22. Nb5 Rc8 23. a3 Rb3 24. Kh1 Qg5 25. Qd1 Rb2 26. Qa4 Qd2 27. Kg1 fxe4 28.
Bxe4 Qf4 29. Rae1 g5 30. Na7 Ra8 31. Nc6 g4 32. g3 Qf7 33. h4 Rf8 34. f3 Qg7 35.
Qd1 gxf3 36. Rxf3 Rxf3 37. Qxf3 a4 38. Na5 Ng4 39. Rf1 Rb3 40. Nxb3 axb3 41.
Qxb3 Kh8 42. Qb8+ Qg8 43. Rf8 Kg7 44. Rxg8+ Kh6 45. Qf8+ Kh5 46. Rg5# 1-0

[Event "Challenge"]
[Site "http://www.queenalice.com/game.php?id=1331179"]
[Date "2014.12.27"]
[Round "-"]
[White "ganatoro"]
[Black "Matrim"]
[Result "0-1"]
[WhiteElo "1543"]
[BlackElo "2019"]

1. e3 e5 2. Nf3 e4 3. Nd4 d5 4. Bb5+ Bd7 5. Bxd7+ Nxd7 6. Nc3 c5 7. Ndb5 a6 8.
Nd6+ Bxd6 9. Nxd5 Ngf6 10. Nxf6+ Nxf6 11. O-O Qc7 12. b3 Be5 13. Rb1 Bxh2+ 14.
Kh1 Bd6 15. g3 O-O 16. Bb2 Be5 17. d4 cxd4 18. exd4 Rad8 19. c3 Qc6 20. Qe2 Bc7
21. Ba3 Rfe8 22. f3 Bxg3 23. Kg2 exf3+ 24. Qxf3 Re2+ 25. Kxg3 Qc7+ 26. Kh4 Rh2+
27. Kg5 Rd5+ 28. Qxd5 Qg3+ 29. Kf5 Rh5# 0-1

[Event "Challenge"]
[Site "http://www.queenalice.com/game.php?id=1346207"]
[Date "2015.3.8"]
[Round "-"]
[White "ganatoro"]
[Black "Matrim"]
[Result "0-1"]
[WhiteElo "1531"]
[BlackElo "2004"]

1. e3 e5 2. Bc4 d5 3. Bb5+ Bd7 4. Bxd7+ Qxd7 5. Nf3 Nc6 6. Nc3 e4 7. Ng5 h6 8.
Nh3 Bb4 9. a3 Bxc3 10. dxc3 f5 11. Nf4 Nf6 12. Ng6 Rg8 13. O-O O-O-O 14. g3 Qd6
15. b4 Nd7 16. c4 Qxg6 17. cxd5 Nce5 18. f4 Nf3+ 19. Rxf3 exf3 20. Qxf3 Rge8 21.
h4 Nb6 22. Rb1 Nxd5 23. Bd2 Re4 24. Qg2 Nxe3 25. Bxe3 Rxe3 26. Qf2 Qxg3+ 27.
Qxg3 Rxg3+ 28. Kh2 Rg4 29. Re1 Rd2+ 30. Kh1 Rxh4+ 31. Kg1 Rhh2 32. c3 Rhg2+ 33.
Kf1 Rdf2# 0-1

[Event "Challenge"]
[Site "http://www.queenalice.com/game.php?id=1347484"]
[Date "2015.3.14"]
[Round "-"]
[White "arlesiana"]
[Black "ganatoro"]
[Result "0-1"]
[WhiteElo "1350"]
[BlackElo "1529"]

1. e3 e6 2. g3 Nf6 3. c3 Nc6 4. Bb5 a6 5. Bd3 d5 6. Nf3 Ng4 7. Nd4 Nxd4 8. cxd4
f5 9. h3 Nf6 10. Qa4+ Bd7 11. Qb3 a5 12. Qc3 Ra6 13. Bxa6 bxa6 14. d3 Bb4 15.
Bd2 Bxc3 16. bxc3 Ba4 17. c4 Bc2 18. Nc3 Bxd3 19. g4 Bxc4 20. a3 Ne4 21. gxf5
exf5 22. Rb1 Nxc3 23. Bxc3 O-O 24. Bxa5 f4 25. Rb7 fxe3 26. fxe3 Qh4+ 27. Kd2
Qf2+ 28. Kc1 Qg2 29. Rd1 Qxh3 30. Re1 Rf1 31. Kd1 Qf3+ 32. Kc2 Rxe1 33. Kc3
Qxe3+ 34. Kb4 Rb1+ 0-1

[Event "Let's Play Chess!"]
[Site "http://www.queenalice.com/game.php?id=1348406"]
[Date "2015.3.18"]
[Round "-"]
[White "Bategoll"]
[Black "ganatoro"]
[Result "1-0"]
[WhiteElo "1751"]
[BlackElo "1539"]

1. e4 e5 2. Nf3 f6 3. d4 exd4 4. Qxd4 Nc6 5. Qd5 Nb4 6. Qd1 d5 7. c3 Nc6 8. exd5
Ne5 9. Nxe5 fxe5 10. Bb5+ c6 11. Qh5+ Kd7 12. dxc6+ bxc6 13. Qf5+ Kc7 14. Qxe5+
Kb6 15. Be3+ Kb7 16. Be2 Qd6 17. Qa5 Kb8 18. O-O Qc7 19. Qg5 h6 20. Qg6 Bd6 21.
f4 Nf6 22. Nd2 Nd5 23. Bd4 Bxf4 24. Nf3 c5 25. Bf2 Be3 26. Bxe3 Nxe3 27. Rfe1
Bg4 28. Nh4 Bxe2 29. Rxe2 Nc4 30. Rf1 Kb7 31. Rf7 Rad8 32. Rxc7+ Kxc7 33. Qxg7+
Kc8 34. h3 Nd6 35. Qxa7 Nb5 36. Qxc5+ Nc7 37. Re7 Rd7 38. Rxd7 Kxd7 39. Qd4+ Nd5
40. Qxh8 Ne3 41. Qxh6 Nc4 42. b3 Na5 43. c4 Kc7 44. g4 Nc6 45. g5 Ne5 46. Qg7+
Kd8 47. Qxe5 Kd7 48. g6 1-0

[Event "Let's Play Chess!"]
[Site "http://www.queenalice.com/game.php?id=1348905"]
[Date "2015.3.21"]
[Round "-"]
[White "fontaine"]
[Black "ganatoro"]
[Result "1-0"]
[WhiteElo "2786"]
[BlackElo "1541"]

1. e4 e5 2. f4 d6 3. Nf3 Nf6 4. Nc3 Bg4 5. h3 Bxf3 6. Qxf3 Nc6 7. Bb5 a6 8.
Bxc6+ bxc6 9. O-O exf4 10. e5 dxe5 11. Qxc6+ Nd7 12. d4 exd4 13. Re1+ Be7 14.
Nd5 O-O 15. Nxe7+ Kh8 16. Bxf4 d3 17. Bxc7 d2 18. Bxd8 dxe1=Q+ 19. Rxe1 Rfxd8
20. Nf5 g6 21. Re7 gxf5 22. Rxf7 Nf8 23. Qf6+ Kg8 24. Qg7# 1-0

[Event "Challenge"]
[Site "http://www.queenalice.com/game.php?id=1350408"]
[Date "2015.3.28"]
[Round "-"]
[White "ledeon"]
[Black "ganatoro"]
[Result "1-0"]
[WhiteElo "1647"]
[BlackElo "1536"]

1. d4 e6 2. c4 Bb4+ 3. Bd2 Bxd2+ 4. Qxd2 Nc6 5. Nc3 Nf6 6. Nf3 b6 7. d5 exd5 8.
cxd5 Nb4 9. e4 Qe7 10. Bd3 Nxd3+ 11. Qxd3 d6 12. O-O Bg4 13. Nd4 c5 14. dxc6 Rc8
15. Rfe1 h5 16. Nf5 Qf8 17. Nxd6+ Kd8 18. Nxf7+ Kc7 19. Qa6 Kxc6 20. Nxh8 Qxh8
21. e5 Nd7 22. Rac1 Nc5 23. Ne4 Kd5 24. Nxc5 Rxc5 25. Rxc5+ Kxc5 26. Qxa7 g6 27.
a4 Be6 28. f4 Qh6 29. Rc1+ Bc4 30. Qc7+ Kb4 31. Qxc4+ Ka5 32. Qb5# 1-0

[Event "Challenge"]
[Site "http://www.queenalice.com/game.php?id=1351268"]
[Date "2015.4.2"]
[Round "-"]
[White "arlesiana"]
[Black "ganatoro"]
[Result "1-0"]
[WhiteElo "1387"]
[BlackElo "1547"]

1. e3 e6 2. g3 Nf6 3. h4 Nc6 4. a3 d5 5. d4 e5 6. c3 Bf5 7. Nf3 Bxb1 8. Rxb1 Ne4
9. dxe5 Bc5 10. Qc2 f6 11. Bb5 a6 12. Bxc6+ bxc6 13. c4 dxc4 14. Qxe4 Qd7 15.
Qxc4 Be7 16. exf6 gxf6 17. O-O h5 18. Bd2 a5 19. Rfc1 f5 20. Qd4 Qxd4 21. Nxd4
Rd8 22. Rxc6 Rg8 23. Bxa5 Rd5 24. Ra6 Bf6 25. Bxc7 Kd7 26. Rc1 Rc8 27. Rxf6 Rxc7
28. Rcc6 Rxc6 29. Rxc6 Rxd4 30. Rh6 Rd1+ 31. Kg2 Rd2 32. Rxh5 Ke6 33. b4 Ra2 34.
Rh6+ Kf7 35. Kf3 Rxa3 36. b5 Rb3 37. b6 Kg7 38. Rc6 Kf7 39. Rc7+ Ke8 40. b7 Kd8
41. Rc8+ Kd7 42. b8=Q Ra3 43. Qc7+ Ke6 44. Qc5 Rd3 45. Ra8 Rd5 46. Re8+ Kd7 47.
Qxd5+ Kxe8 48. Qxf5 1-0

[Event "Challenge"]
[Site "http://www.queenalice.com/game.php?id=1351879"]
[Date "2015.4.5"]
[Round "-"]
[White "ganatoro"]
[Black "ledeon"]
[Result "1-0"]
[WhiteElo "1524"]
[BlackElo "1691"]

1. e4 e6 2. Bc4 c6 3. d3 d5 4. exd5 cxd5 5. Bb5+ Nc6 6. Bxc6+ bxc6 7. Nf3 Bd6 8.
Bg5 Qb6 9. Nc3 Qxb2 10. Kd2 Bb4 11. Rb1 Bxc3+ 12. Ke3 Qa3 13. Rb3 d4+ 14. Ke2
Qxa2 15. Rb1 Nf6 16. Bxf6 gxf6 17. g4 Rg8 18. Rg1 a5 19. Nd2 Bb4 20. Ra1 Qd5 21.
Ne4 Qe5 22. Kf1 Ke7 23. h3 h5 24. gxh5 Rxg1+ 25. Kxg1 Bb7 26. h6 Rg8+ 27. Ng3
Qh5 28. Qxh5 1-0

[Event "Challenge"]
[Site "http://www.queenalice.com/game.php?id=1354684"]
[Date "2015.4.21"]
[Round "-"]
[White "ganatoro"]
[Black "Matrim"]
[Result "0-1"]
[WhiteElo "1538"]
[BlackElo "2006"]

1. e4 e5 2. Bb5 c6 3. Bc4 d5 4. Bd3 Nf6 5. Nf3 Bd6 6. exd5 cxd5 7. Nc3 d4 8. Nb5
e4 9. Nxd6+ Qxd6 10. Bb5+ Nc6 11. Ng1 a6 12. Bxc6+ Qxc6 13. c3 e3 14. dxe3 Qxg2
15. Nf3 Qxh1+ 16. Ke2 Qg2 17. Qg1 d3+ 18. Kxd3 Qxf3 19. Qxg7 Qd1+ 20. Kc4 Be6+
21. Kb4 Qd6+ 22. Ka4 b5+ 23. Ka5 Qc7+ 24. Kb4 Qc4+ 25. Ka5 Qa4+ 26. Kb6 Nd7+ 27.
Kb7 Rb8+ 28. Ka7 Ke7 29. b3 Qe4 30. Qxh8 Qb7# 0-1

[Event "Ancora UNA?"]
[Site "http://www.queenalice.com/game.php?id=1360242"]
[Date "2015.5.18"]
[Round "-"]
[White "ganatoro"]
[Black "Matrim"]
[Result "0-1"]
[WhiteElo "1525"]
[BlackElo "2010"]

1. d3 d5 2. c4 d4 3. e3 c5 4. exd4 cxd4 5. Nf3 Nc6 6. Bf4 g6 7. Qa4 Bd7 8. Qb3
b6 9. Ne5 Nf6 10. Nxd7 Qxd7 11. a4 Bg7 12. Na3 e5 13. Bg3 O-O 14. f4 Rae8 15.
fxe5 Nxe5 16. Bxe5 Rxe5+ 17. Be2 Qg4 18. Qd1 Rfe8 19. Kd2 Rxe2+ 20. Kc1 Bh6+ 21.
Kb1 Qxg2 22. Nc2 Rxc2 23. Rg1 Rxb2# 0-1

[Event "Challenge"]
[Site "http://www.queenalice.com/game.php?id=1364526"]
[Date "2015.6.9"]
[Round "-"]
[White "arlesiana"]
[Black "ganatoro"]
[Result "0-1"]
[WhiteElo "1423"]
[BlackElo "1521"]

1. Nc3 e5 2. Ne4 d5 3. Nc3 c6 4. e3 d4 5. Ne4 Bf5 6. Ng5 h6 7. N5f3 f6 8. Nh4 g6
9. Bc4 dxe3 10. Bxg8 Rxg8 11. dxe3 Bb4+ 12. c3 Ba5 13. b4 Bb6 14. Ne2 Nd7 15. a4
a5 16. Rb1 Bxb1 17. Qd2 axb4 18. Qd6 bxc3 19. Nxc3 Bc5 20. Qe6+ Kf8 21. e4 Qe7
22. Qg4 Qf7 23. Nxb1 f5 24. Qe2 fxe4 25. Be3 Bxe3 26. fxe3 Rxa4 27. Rf1 Nf6 28.
Qd2 Ra1 29. Ke2 Qa2 30. Rxf6+ Ke7 31. Nc3 Qxd2+ 32. Kxd2 Kxf6 33. Nxe4+ Ke6 34.
Nc5+ Kd5 35. Nxb7 g5 36. Nf5 Rf8 37. Ne7+ Ke6 38. Nxc6 Rf2+ 39. Kd3 Rxg2 40. Ke4
Rxh2 41. Nxe5 Rh4+ 42. Kd3 Kxe5 43. Nc5 g4 44. Nd7+ Kf5 45. e4+ Kf4 46. e5 Rd1+
0-1

[Event "Un'altra?"]
[Site "http://www.queenalice.com/game.php?id=1368229"]
[Date "2015.6.29"]
[Round "-"]
[White "ganatoro"]
[Black "Matrim"]
[Result "0-1"]
[WhiteElo "1523"]
[BlackElo "2012"]

1. e3 e5 2. Nf3 Nc6 3. Nc3 d5 4. Bb5 Ne7 5. Bxc6+ Nxc6 6. O-O Bg4 7. h3 Bh5 8.
g4 Bg6 9. Qe2 e4 10. Nh2 Nb4 11. Qd1 Qh4 12. a3 Nc6 13. Nxd5 Bd6 14. c4 Qxh3 15.
f4 exf3 16. Nxf3 Qg3+ 17. Kh1 Be4 18. b4 Qh2# 0-1

[Event "Supersfida!"]
[Site "http://www.queenalice.com/game.php?id=1370574"]
[Date "2015.7.8"]
[Round "-"]
[White "ganatoro"]
[Black "Matrim"]
[Result "0-1"]
[WhiteElo "1533"]
[BlackElo "2016"]

1. e3 e5 2. d4 e4 3. f3 Nf6 4. Nc3 Bb4 5. a3 Bxc3+ 6. bxc3 d5 7. Bb5+ Bd7 8.
Bxd7+ Nbxd7 9. fxe4 Nxe4 10. Qf3 Ndf6 11. Rb1 b6 12. Nh3 Nxc3 13. Rb3 Nce4 14.
Nf4 O-O 15. a4 Re8 16. Qe2 c5 17. c3 c4 18. Rb2 Nxc3 19. Qf3 Nxa4 20. Rb4 Nc3
21. Bd2 Nce4 22. Bc1 a5 23. Rb5 Nd6 24. Rb2 b5 25. O-O c3 26. Ra2 b4 27. g3 b3
28. Ra1 b2 29. Bxb2 cxb2 30. Rab1 Nc4 31. Rfc1 bxc1=Q+ 32. Rxc1 Rxe3 33. Qf2 Ne4
34. Qa2 Qf6 35. Qa1 Qg5 36. Rc2 Nxg3 37. Rg2 Ne2+ 38. Nxe2 Qh4 39. Qf1 Rae8 40.
h3 Rxh3 41. Ng3 Rxg3 42. Qf2 Rxg2+ 43. Qxg2 Re1+ 44. Qf1 Qg3+ 45. Kh1 Rxf1# 0-1

[Event "Challenge"]
[Site "http://www.queenalice.com/game.php?id=1378778"]
[Date "2015.8.20"]
[Round "-"]
[White "ganatoro"]
[Black "ledeon"]
[Result "0-1"]
[WhiteElo "1531"]
[BlackElo "1897"]

1. e3 e5 2. Bc4 Nc6 3. Qf3 Nf6 4. e4 Nd4 5. Qd3 d6 6. c3 Ne6 7. Bxe6 Bxe6 8. Nf3
Qd7 9. Ng5 Bg4 10. f3 Bh5 11. Na3 Be7 12. Qb5 O-O-O 13. g4 Bg6 14. h4 h5 15.
gxh5 Rxh5 16. Qxd7+ Nxd7 17. d3 Rdh8 18. Ke2 Rxh4 19. Rxh4 Rxh4 20. Nb5 a6 21.
Na7+ Kb8 22. Be3 Rh2+ 23. Bf2 Bxg5 24. Rg1 Rxf2+ 25. Ke1 Bh4 26. Rh1 Rh2+ 27.
Kf1 Rxh1+ 28. Kg2 Ra1 29. Kh3 Bf2 30. Kg2 Bxa7 31. Kg3 Rxa2 32. b4 c5 33. bxc5
Bxc5 34. d4 exd4 35. cxd4 Bxd4 0-1

[Event "Challenge"]
[Site "http://www.queenalice.com/game.php?id=1394889"]
[Date "2015.11.19"]
[Round "-"]
[White "ganatoro"]
[Black "Matrim"]
[Result "0-1"]
[WhiteElo "1529"]
[BlackElo "2006"]

1. e4 c5 2. Bc4 Nc6 3. Qf3 Nf6 4. d3 Ne5 5. Qe3 d6 6. Bb5+ Bd7 7. Bxd7+ Qxd7 8.
d4 Neg4 9. Qf3 cxd4 10. Bg5 h6 11. Bxf6 Nxf6 12. Nd2 e5 13. c3 dxc3 0-1